[Event "Liape A-007 email"]
[Site "Liape email"]
[Date "2003.02.21"]
[Round "7"]
[White "Olano Aizpurua, Jose Maria"]
[Black "Bruscato Costa, Rodrigo"]
[Result "1-0"]
[WhiteElo "2263"]
[BlackElo "1991"]
[PlyCount "87"]
[EventDate "2003.02.15"]
[EventType "tourn (corr)"]
[EventRounds "6"]
[EventCountry "ARG"]
[SourceTitle "Corr 2006"]
[Source "ChessBase"]
[SourceDate "2006.04.01"]
[SourceVersion "3"]
[SourceVersionDate "2006.04.01"]
[SourceQuality "1"]

1. e4 c5 2. Nf3 d6 3. d4 cxd4 4. Nxd4 Nf6 5. Nc3 a6 6. Be3 e5 7. Nb3 Be6 8. f3 Be7 9. Qd2 0-0 10. 0-0-0 b5 11. g4 b4 12. Nd5 Bxd5 13. exd5 a5 14. Kb1 a4 15. Nc1 b3 16. cxb3 axb3 17. Nxb3 Qd7 18. g5 Qa4 19. Nc1 Nfd7 20. h4 Rc8 21. Bd3 Bd8 22. Bc2 Qc4 23. Qd3 Qxd3 24. Bxd3 Bb6 25. Bd2 Nc5 26. Bf5 Rc7 27. b4 Na4 28. Ne2 Rb7 29. Rc1 Na6 30. a3 Nc7 31. Bd7 Rba7 32. Bc6 Rb8 33. h5 Nc5 34. bxc5 Bxc5+ 35. Kc2 Rxa3 36. Rb1 Ra2+ 37. Kd3 Ra3+ 38. Kc4 Rc8 39. Rb7 Na6 40. Nc3 Bd4 41. Ne4 Nc5 42. Nxd6 Rd8 43. Bb4 Nxb7 44. Nxb7 1-0